00374nam a2200145Ia 4500008004100000082001500041100002200056245004700078250000800125260002500133300001100158500002400169650001600193700001900209230524s9999 xx 000 0 und d a519.2bLIP aSeymour Lipschupz 0aIntroduction to Probability and Statistics a1ST aNEW DELHIbTMHc2005 aVI;367 aQuantity Number: 2 aMathematics a John Schiller